Coma City- Green Day - Statistics

General Stats
  • This quiz has been taken 5 times
  • The average score is 67 of 150
Answer Stats
Answer % Correct
City
100%
City)
100%
City) x4
100%
City x5
100%
Coma
100%
(Coma
100%
your
100%
and
67%
eyes
67%
gun
67%
in
67%
on
67%
Open
67%
all
33%
distance
33%
down
33%
drink
33%
face
33%
It's
33%
lemonade
33%
Like
33%
no
33%
Pull
33%
resistance
33%
shade
33%
Shooting
33%
shot,
33%
skies
33%
smoky
33%
the
33%
arrival
0%
assholes
0%
at
0%
ayy
0%
Back
0%
Bankrupt
0%
Board
0%
call
0%
chemist
0%
Children
0%
cops
0%
Dead
0%
Don't
0%
for
0%
from
0%
hands
0%
is
0%
jobs
0%
Mask
0%
mass
0%
planet
0%
play
0%
quit
0%
space
0%
street
0%
Sunday
0%
their
0%
they
0%
to
0%
under
0%
up
0%
windows
0%
with
0%
Word
0%
No matching quizzes found
Score Distribution
Percent of People with Each Score
Percentile by Number Answered
Your Score History
You have not taken this quiz